| 000 | 00774nam a2200193 i 4500 | ||
|---|---|---|---|
| 001 | 59131 | ||
| 003 | ES-MaACL | ||
| 007 | t| | ||
| 008 | 031027s1930 fr ||||1| fre d | ||
| 100 | 1 |
_aEliachevitch, Basile. _946953 |
|
| 245 | 1 | 0 |
_aTraitè de Droit Civil et Commercial des soviets / _cpar Basile Eliachevitch, Paul Tager et Boris Nolde ; preface de Henri Capitant. |
| 260 |
_aParís : _b[s.n., _c1930] ( _eRennes : _fRiou-Reuzé) |
||
| 300 |
_a3 v. ; _c23 cm. |
||
| 505 | 8 | _aContiene: T.I: Introduction. Les personnnes. -- T.II: Les obligations. Les societés. -- T.III: Les biens, Droit de familie, successions et testaments | |
| 700 | 1 |
_aTager, Paul. _9109065 |
|
| 700 | 1 |
_aNolde, Boris. _985910 |
|
| 700 | 1 |
_aCapitant, Henri. _934854 |
|
| 852 |
_aES-MaACL _jB-6147-49 |
||
| 999 |
_c59131 _d59131 |
||